Quizzes
Events
Quiz Creation
Community
Videos
Private Events
Remove Ads
Sign In
Join for FREE
Feedback
Dark Mode
Quiz Categories
Sports
Geography
Music
Movies
Television
Just For Fun
Miscellaneous
History
Literature
Language
Science
Gaming
Entertainment
Religion
Holiday
For Kids
Quiz Lab
Recent
Popular Today
Quiz Kudos Today
Editor Picks
Curator Picks
Quizzes by...
Day
Popularity
Type
Ratings
Length
Year
Community
Subscriptions
Recent Discussions
Orange Saloon
Badges
Playlists
Quests
Create
Leaderboards
Showdown
Live 5
Trivia Bingo
Activity
Puzzle Library
Sporcle Events
Private Events
Virtual Trivia
Globe League
Become a Host
Pub Owners
SporcleCon
Opinionation
Our Games
Videos
Blog
Mobile Apps
Partnerships
Remove Ads and Go Orange
Feedback
History
US Presidents
World Leaders
Politics
Nation
Discovery
War
Decade
Year
Century
Biography
Art
History
US Presidents
World Leaders
Politics
Nation
Discovery
War
Decade
Year
Century
Biography
Art
Random Quiz
Search Sporcle
×
Quiz Lab
Quiz Lab
History
paint
Type in answers that appear in a list
Type in answers that appear in a list
Classic
Best Score? Go Orange.
Nemerov 2011 Midterm Stats
Can you name the Nemerov 2011 Midterm?
By
andrewconnery
15m
26 Questions
3 Plays
3 Plays
3 Plays
Comments
Comments
Give Quiz Kudos
Give Quiz Kudos
-
- Ratings
hide this ad
Replay
Link that replays current quiz
Next Quiz
Link to next quiz in quiz playlist
You Got
0%
They Got
Avg Score
53%
Avg Friend Score
Upgrade to see
Score Distribution
Jump to the score distribution portion of the page
Score
0/26
Timer
15:00
0
Plays Today
Painting
Date
% Correct
Merode Alterpiece
1425
100%
Portrait of the Artist
1500
100%
Isenheim Alterpiece
1510
100%
Expulsion of Adam and Eve from the Garden of Eden
1428
66.7%
Man in a Red Turbin
1433
66.7%
Arnolfini Wedding Portrait
1434
66.7%
Ghent Alterpiece
1432
66.7%
Descent from the Cross
1436
66.7%
Crucifixion
1503
66.7%
Portrait of William Warham, Archbishop of Canterburry
1527
66.7%
Dead Christ in the Tomb
1521
66.7%
Portrait of Nicholas Kratzer
1528
66.7%
Portrait of Erasmus of Rotterdam
1523
66.7%
Painting
Date
% Correct
Ambassadors to France
1533
66.7%
Madonna and Child
1300
33.3%
Maesta
1310
33.3%
Well-
Governed City
1338
33.3%
Well Governed Countryside
1338
33.3%
Giuduriccio da Fogliano
1340
33.3%
Arena Chapel
1305
33.3%
Last Judgement, Arena Chapel
1305
33.3%
Trinity, Santa Maria Novella
1425
33.3%
Tribute Money
1425
33.3%
Resurrection
1458
33.3%
Crucifixion
1538
33.3%
Annunciation
1438
0%
Quiz Playlist
Details
Report
Send in Message
Add To Playlist
Classic:
Type in answers that appear in a list
Last Updated: Feb 16, 2017
Quiz Scoreboard
CHALLENGE
Sign Up to Join the Scoreboard
Show All
Scores
Hide
Comments
May contain spoilers
Recently Published
Presidents Visiting Landmarks
by Hejman
History
7m
An Introduction to Baseball
by treessimontrees
Sports
5m
Movies - When Are They Set?
by FPL_Elf
Movies
5m
More to Explore
Quiz From the Vault
Featured Blog Post
Where Did the Easter Bunny Come From?
hide this ad
You Might Also Like...
Tags
2011
date
Midterm
paint
Today's Top Quizzes in History
Browse History
hide this ad
Today's Top Quizzes in paint
Browse paint
Top Contributed Quizzes in History
1
Popular People in 1991
2
Popular People in 1981
3
Popular People in 1951
4
Popular People in 1941
5
Popular People in 1986
6
Popular People in 1976
7
Popular People in 1921
8
I Am Born On March 28th
9
Popular People in 1946
10
5-to-1: 20th Century Images of War
Explore More
Trending Topics
Marvel
NBA
Crossword
Kpop
Disney
Harry Potter
Anime
Pokémon
Country
WWE
Soccer
Song
Puzzle
The Office
NFL
hide this ad
More By:
andrewconnery
Quiz
Plays
Rating
Category
Featured
Created
113th House Committee Leadership
64
History
Mar 12, 2012
112th Congress Members
6
History
Jun 11, 2012
Nemerov 2011 Midterm
3
1.00
History
Feb 16, 2011
New Haven Board of Aldermen
3
History
Jun 24, 2012
Go to Creator's Profile
Score Distribution
Quiz Creator Spotlight
andrewconnery
Follow
Send a Message
Quizzes Created
-
Created Quiz Play Count
-
More By This Creator
Popular Quizzes Today
1
Find the US States - No Outlines Minefield
2
Find the Countries of Europe - No Outlines Minefield
3
The Countries of the World
4
Find the US States
5
Popular People in 1961
6
US States
7
Risky Map Clicking: Biggest States A-Z
8
Movies - When Are They Set?
More History Quizzes
On This Day: November 22nd II
Published
Trending Quizzes
Risky Map Clicking: Least Populous States A-Z
1-10 Letter G Words
1-10 Letter F Words
Risky Map Clicking: Next State Alphabetically
Risky Map Clicking: Biggest States A-Z
Recently Updated
Leaping Animals
pecheneg
Reality TV Shows (A-Z)
bhenderson79
Rickey Henderson's Hall of Fame Teammates
pecheneg
Champions League XIs: Arsenal
pecheneg
Quick Pick: Celebrities in WWE's Hall of Fame
aduchscher
A-Z Keypad Blitz II
pecheneg
Multiple Oscar Actors
pecheneg
Mystery Phrase Blitz: Oscar 'Best Actors'
pecheneg
F. Scott Fitzgerald Novels
LTH
Pick 3 Villains
ddd62291
Trending Topics
Kpop
Anime
Marvel
Harry Potter
NBA
Disney
Crossword
Country
Pokémon
Song
WWE
Soccer
The Office
Puzzle
NFL
Your Account Isn't Verified!
In order to create a playlist on Sporcle, you need to verify the email address you used during registration. Go to your
Sporcle Settings
to finish the process.
Report this User
Report this user for behavior that violates our
Community Guidelines
.
Details:
Send Report
Go to the Sporcle.com Mobile Site →
Comments